MDQL
is popping MORE tags! Check the
thread
!
Quizzes
Events
Quiz Creation
Community
Videos
Private Events
Remove Ads
Sign In
Join for FREE
Feedback
Dark Mode
Quiz Categories
Sports
Geography
Music
Movies
Television
Just For Fun
Miscellaneous
History
Literature
Language
Science
Gaming
Entertainment
Religion
Holiday
For Kids
Quiz Lab
Recent
Popular Today
Quiz Kudos Today
Editor Picks
Curator Picks
Quizzes by...
Day
Popularity
Type
Ratings
Length
Year
Community
Subscriptions
Recent Discussions
Orange Saloon
Badges
Playlists
Quests
Create
Leaderboards
Showdown
Live 5
Trivia Bingo
Activity
Puzzle Library
Sporcle Events
Private Events
Virtual Trivia
Globe League
Become a Host
Pub Owners
SporcleCon
Opinionation
Our Games
Videos
Blog
Mobile Apps
Partnerships
Remove Ads and Go Orange
Feedback
Sports
Athletes
MLB
NBA
NHL
NFL
Soccer
Sports Teams
WWE
NCAA
Football
Premier League
Basketball
Baseball
Hockey
Golf
Tennis
Cricket
Rugby
Auto Racing
Olympics
World Cup
Sports
Athletes
MLB
NBA
NHL
NFL
Soccer
Sports Teams
WWE
NCAA
Football
Premier League
Basketball
Baseball
Hockey
Golf
Tennis
Cricket
Rugby
Auto Racing
Olympics
World Cup
Random Quiz
Search Sporcle
×
Quiz Lab
Quiz Lab
Sports
Pay-per-view
Type in answers that appear in a list
Type in answers that appear in a list
Classic
Best Score? Go Orange.
Title Wins on WCW PPVs and Clashes Stats
Can you name all the individuals who won a championship on a WCW Pay-Per-View or Clash of the Champions?
By
DJL83TKD
20m
104 Questions
221 Plays
221 Plays
221 Plays
Comments
Comments
Give Quiz Kudos
Give Quiz Kudos
-
- Ratings
hide this ad
Replay
Link that replays current quiz
Next Quiz
Link to next quiz in quiz playlist
You Got
0%
They Got
Avg Score
71%
Avg Friend Score
Upgrade to see
Score Distribution
Jump to the score distribution portion of the page
Score
0/104
Timer
20:00
0
Plays Today
Event Where They Won a Title
Wrestler
% Correct
Starrcade (1983)
Nature Boy Ric Flair
98.2%
The Great American Bash (1990)
Sting
95.5%
Clash of the Champions I
Lex Luger
93.6%
WCW/
New Japan Supershow (1991)
Scott Steiner
93.2%
Bash at the Beach (1994)
Hulk Hogan/Hollywood Hogan
93.2%
Starrcade (1988)
Rick Steiner
92.7%
Halloween Havoc (1996)
Kevin Nash
91.8%
World War 3 (1995)
Macho Man Randy Savage
91.4%
Halloween Havoc (1996)
Scott Hall
91.4%
Starrcade (1987)
Dusty Rhodes
90.9%
Clash of the Champions XVII
The Natural Dustin Rhodes
90.9%
Fall Brawl (1995)
Diamond Dallas Page
90.9%
Starrcade (1983)
Ricky Steamboat
90%
Clash of the Champions XVI
Arn Anderson
90%
Fall Brawl (1995)
Booker T
90%
Clash of the Champions I
Barry Windham
88.6%
Capitol Combat (1990)
Ron Simmons
88.6%
The Great American Bash (1992)
Big Van Vader
88.6%
Halloween Havoc (1996)
Dean Malenko
88.2%
Starrcade (1993)
Stunning Steve Austin
87.7%
Starrcade (1996)
Eddie Guerrero
87.7%
Halloween Havoc (1991)
Flyin' Brian Pillman
87.3%
SuperBrawl VII
Syxx
86.8%
Uncensored (1999)
Chris Benoit
85.9%
Spring Stampede (2000)
Jeff Jarrett
85.5%
Starrcade (1986)
Tully Blanchard
85%
Halloween Havoc (1995)
The Giant
84.5%
Halloween Havoc (1999)
Goldberg
84.1%
WCW/
New Japan Supershow III
The Great Muta
83.2%
Fall Brawl (1993)
Jerry Sags
83.2%
Fall Brawl (1995)
Stevie Ray
83.2%
Souled Out (1998)
Lionheart Chris Jericho
83.2%
Fall Brawl (1993)
Brian Knobbs
82.3%
Beach Blast (1992)
Raven/Scotty Flamingo
81.8%
Mayhem (1999)
Bret Hit Man Hart
81.8%
Event Where They Won a Title
Wrestler
% Correct
The Great American Bash (1988)
Beautiful Bobby Eaton
81.4%
Clash of the Champions XVII
Ravishing Rick Rude
81.4%
WrestleWar (1989)
Michael P.S. Hayes
80%
Fall Brawl (1994)
Hacksaw Jim Duggan
78.6%
World War 3 (1998)
Billy Kidman
78.6%
Capitol Combat (1990)
Hacksaw Butch Reed
78.2%
Clash of the Champions XXIX
Buff Bagwell/Marcus Alexander Bagwell
78.2%
Fall Brawl (1999)
Sid Vicious
78.2%
Road Wild (1998)
Juventud Guerrera
77.7%
Starrcade (1999)
Madusa
77.7%
Starrcade (1985)
Ricky Morton
76.4%
Starrcade (1988)
Steve Dr. Death Williams
76.4%
Clash of the Champions VII
Jimmy Jam Garvin
76.4%
Starrcade (2000)
Terry Funk
76.4%
Starrcade (1985)
Robert Gibson
75.9%
The Great American Bash (1988)
Sweet Stan Lane
75.5%
The Great American Bash (1992)
Terry Gordy
75%
Slamboree (1999)
Perry Saturn
75%
Fall Brawl (1993)
Lord Steven Regal
74.1%
Starrcade (1988)
Kevin Sullivan
73.6%
Slamboree (1994)
Cactus Jack
73.6%
SuperBrawl IX
Curt Hennig
72.7%
WCW/
New Japan Supershow III
Jushin Thunder Liger
70.9%
The Great American Bash (1999)
Bam Bam Bigelow
70.5%
The Great American Bash (1999)
Kanyon
70%
Sin (2001)
Meng
69.3%
Starrcade (1987)
Nikita Koloff
68.6%
Bash at the Beach (2000)
Brian Adams
68.2%
Bash at the Beach (2000)
Bryan Clark
68.2%
Clash of the Champions XXI
Shane Douglas
67.3%
Clash of the Champions XXXV
Steve McMichael
67.3%
Clash of the Champions XXXV
Alex Wright
66.8%
Sin (2001)
Sean O'Haire
66.8%
Clash of the Champions XXIV
Paul Roma
65.5%
Bash at the Beach (1994)
Mr. Wonderful Paul Orndorff
65.5%
Event Where They Won a Title
Wrestler
% Correct
Starrcade (1985)
Magnum T.A.
65%
Fall Brawl (1994)
Johnny B. Badd
64.5%
Chi-
Town Rumble (1989)
Mike Rotunda
64.1%
The Great American Bash (1995)
The Renegade
63.6%
Sin (2001)
Chuck Palumbo
63.6%
Spring Stampede (2000)
Chris Candido
63.2%
Greed (2001)
Sugar Shane Helms
63.2%
WCW/
New Japan Supershow (1991)
Tatsumi Fujinami
61.4%
Mayhem (1999)
Norman Smiley
61.4%
Starrcade (1983)
Jay Youngblood
59.5%
Clash of the Champions XXIX
The Patriot
58.6%
Starrcade (1995)
The One Man Gang
58.6%
Halloween Havoc (1990)
Stan Hansen
57.3%
Halloween Havoc (2000)
General Rection
57.3%
Greed (2001)
Elix Skipper
56.4%
SuperBrawl 2000
The Artist
54.5%
Uncensored (2000)
Ron Harris
54.5%
Uncensored (2000)
Don Harris
54.5%
Halloween Havoc (1997)
Rey Mysterio Jr.
54.1%
Clash of the Champions IV
Tommy Rogers
53.6%
New Blood Rising (2000)
Vampiro
53.6%
Bunkhouse Stampede (1988)
Larry Zbyszko
53.2%
Mayhem (1999)
Evan Karagias
53.2%
Clash of the Champions IV
Bobby Fulton
48.6%
Starrcade (1996)
Ultimo Dragón
47.7%
Souled Out (2000)
Oklahoma
47.7%
Greed (2001)
Kid Romeo
46.4%
Starrcade (1983)
Jimmy Valiant/Charlie Brown
45.5%
Starrcade (1984)
Manny Fernandez
37.3%
Starrcade (1984)
Denny Brown
36.4%
Starrcade (1996)
Akira Hokuto
34.5%
Starrcade (1985)
Krusher Khruschev
32.7%
Starrcade (1985)
Buddy Landel
30%
WCW/
New Japan Supershow II
Riki Choshu
20.9%
Quiz Playlist
Details
Report
Send in Message
Add To Playlist
Classic:
Type in answers that appear in a list
Last Updated: Feb 16, 2017
Quiz Scoreboard
CHALLENGE
Sign Up to Join the Scoreboard
Show All
Scores
Hide
Comments
May contain spoilers
Recently Published
1-10 Letter E Words III
by El_Dandy
Language
2m
Street Fighter Characters
by Artimus82
Gaming
60s
College Basketball Coaching Resumes
by pancakes188
Sports
9m
More to Explore
Quiz From the Vault
Featured Blog Post
Where Did the Easter Bunny Come From?
hide this ad
You Might Also Like...
Tags
champion
Heavyweight Champions
Pay-per-view
PPV
WCW
WCW Champions
Today's Top Quizzes in Sports
Browse Sports
hide this ad
Today's Top Quizzes in Pay-per-view
Browse Pay-per-view
Top Contributed Quizzes in Sports
1
2022 World Cup Stars
2
Les meilleurs buteurs des matchs entre le PSG et l’OM
3
FIFA Club World Cup Champions
4
Les entraîneurs de l'OM et du PSG au 21e siècle
5
Criteria MLB: Left Handed Sluggers
6
2023 MLB Unique Player Accomplishments
7
AFC Teams Reveal (Wrong Answers Minefield)
8
Players with Multiple 50 Home Run Seasons
9
5-to-1: FBS Animal Nicknames
10
5-to-1: UK Sports Teams
Explore More
Trending Topics
Kpop
Disney
Anime
Harry Potter
Marvel
Crossword
NBA
Soccer
The Office
WWE
Country
Pokémon
NFL
Song
Puzzle
hide this ad
More By:
DJL83TKD
Quiz
Plays
Rating
Category
Featured
Created
Clickable Movie Grab Bag
2,646
4.85
Movies
Aug 22, 2015
All WWE Pay-Per-View Main Eventers
2,428
3.40
Sports
Jun 1, 2017
Avatar: The Last Airbender Episodes by Plot
2,296
4.22
Television
Nov 6, 2015
Clickable Movie Grab Bag IV
2,074
4.00
Movies
Dec 17, 2015
Clickable Movie Grab Bag II
1,770
4.29
Movies
Aug 24, 2015
Go to Creator's Profile
Score Distribution
Quiz Creator Spotlight
DJL83TKD
Follow
Send a Message
Quizzes Created
-
Created Quiz Play Count
-
More By This Creator
Popular Quizzes Today
1
Find the US States - No Outlines Minefield
2
Find the Countries of Europe - No Outlines Minefield
3
The Countries of the World
4
Find the US States
5
Risky Map Clicking: Biggest States A-Z
6
US States
7
Popular People in 1961
8
Movies - When Are They Set?
More Sports Quizzes
F1 Driver Successful Team Debuts
Quiz Lab
Trending Quizzes
Risky Map Clicking: Least Populous States A-Z
1-10 Letter G Words
1-10 Letter F Words
Countries of the World: 200 Million BC
Risky Map Clicking: Next State Alphabetically
Recently Updated
Beyoncé Albums
pecheneg
Leaping Animals
pecheneg
Reality TV Shows (A-Z)
bhenderson79
Rickey Henderson's Hall of Fame Teammates
pecheneg
Champions League XIs: Arsenal
pecheneg
Quick Pick: Celebrities in WWE's Hall of Fame
aduchscher
A-Z Keypad Blitz II
pecheneg
Multiple Oscar Actors
pecheneg
Mystery Phrase Blitz: Oscar 'Best Actors'
pecheneg
F. Scott Fitzgerald Novels
LTH
Trending Topics
Kpop
Marvel
Crossword
Disney
Anime
Harry Potter
NBA
Pokémon
NFL
WWE
Puzzle
Song
Soccer
Country
The Office
Your Account Isn't Verified!
In order to create a playlist on Sporcle, you need to verify the email address you used during registration. Go to your
Sporcle Settings
to finish the process.
Report this User
Report this user for behavior that violates our
Community Guidelines
.
Details:
Send Report
Go to the Sporcle.com Mobile Site →
Comments